|
|
|
|
| LEADER |
00000nab a2200000 a 4500 |
| 001 |
vtls008621613 |
| 003 |
SK-MaSNL |
| 005 |
20260303071931.0 |
| 008 |
140422c2005 xo ||||||o| |00 b|slo |
| 015 |
|
|
|a SNBRB2006/02
|2 snkbucl
|
| 038 |
|
|
|a SNKBUCL
|
| 040 |
|
|
|a SNKBUCL
|b slo
|c SNKBUCL
|e AACR2
|
| 041 |
0 |
|
|a slo
|
| 044 |
|
|
|a xo
|c SK
|
| 080 |
|
|
|a 82.09:821.162.4-93
|x (048)
|2 1997
|
| 080 |
|
|
|a 821.162.4-93
|x (048)
|2 1997
|
| 080 |
|
|
|a 821.162.4-32
|x (0.053.2)
|x (048)
|2 1997
|
| 100 |
1 |
|
|a Beňo, Ján,
|d 1933-2020
|4 aut
|9 102772
|
| 245 |
1 |
0 |
|a Víťaz nad hrachom i strachom
|c Ján Beňo
|
| 650 |
0 |
7 |
|a autorské rozprávky o zvieratách, slovenské
|x recenzie
|2 snkbucl
|9 17552
|
| 655 |
|
7 |
|a recenzie
|2 snkbucl
|9 21907
|
| 773 |
0 |
|
|t Literárny (dvoj)týždenník
|g Roč. XVIII, č. 43-44 (2005), s. 12
|x 0862-5999
|
| 787 |
0 |
8 |
|i Rec.:
|a Tinák, Benjamín, 1930-
|t Neuveriteľné dobrodružstvá kocúrika Mňauka
|d Martin : Vydavateľstvo Matice slovenskej, 2005
|z 8089208150
|
| 852 |
|
|
|a SNK
|b KIS3GCP
|
| 958 |
|
|
|a LX
|
| 958 |
|
|
|a RC
|
| 999 |
|
|
|c 1762016
|d 1763946
|